| 000 | 00655cam a2200253ua 4500 | ||
|---|---|---|---|
| 020 | _a0-13-374950-9 | ||
| 041 |
_aeng _h |
||
| 082 |
_a624.1776 _bGOU/AN |
||
| 100 |
_aGould, Phillip L . _95840 |
||
| 245 | _aAnalysis of shells and plates | ||
| 250 |
_a1 / _b. |
||
| 260 |
_aNew Jersey : _bPrentice Hall , _c1998. |
||
| 300 | _a498 ; . | ||
| 504 | _a | ||
| 650 |
_aDeformations _95841 |
||
| 650 |
_aElasticity _95842 |
||
| 650 |
_aElasticity/Geometry/Membrane Theory/Deformations/Displacement Formation/Bending _95843 |
||
| 650 |
_aGeometry _95844 |
||
| 650 |
_aMembrane Theory _95845 |
||
| 942 | _cBK | ||
| 999 |
_c5 _d5 |
||
| 003 | @ | ||
| 003 | OSt | ||